Normal view
MARC view
Entry Personal Name
001 - CONTROL NUMBER
- control field: 190608
003 - CONTROL NUMBER IDENTIFIER
- control field:
005 - DATE AND TIME OF LATEST TRANSACTION
- control field: 20210601194755.0
008 - FIXED-LENGTH DATA ELEMENTS
- fixed length control field: 210601|| aca||aabn | a|a d
040 ## - CATALOGING SOURCE
- Original cataloging agency:
- Transcribing agency:
100 ## - HEADING--PERSONAL NAME
- Personal name: Lakhani, M. P.
- Fuller form of name: (Mohan Partabrai) ,
- Dates associated with a name: 1902-
670 ## - SOURCE DATA FOUND
- Source citation: Work cat.: (): Lakhani, M. P. (Mohan Partabrai) , 1902-, Spiritualism and mysticism :, c1984
